Phyllis. (Запис № 536445)

МАРК-запис
000 -LEADER
fixed length control field 01093cam a2200265u 4500
001 - CONTROL NUMBER
control field phylliskeyt00keyt
003 - CONTROL NUMBER IDENTIFIER
control field CaSfIA
005 - DATE AND TIME OF LATEST TRANSACTION
control field 20210118210222.0
007 - PHYSICAL DESCRIPTION FIXED FIELD--GENERAL INFORMATION
fixed length control field cr||||
008 - FIXED-LENGTH DATA ELEMENTS--GENERAL INFORMATION
fixed length control field 830118s1957 nyua 000 0 eng
035 ## - SYSTEM CONTROL NUMBER
-- (DLC) 57006992
010 ## - LIBRARY OF CONGRESS CONTROL NUMBER
LC control number 57006992
040 ## - CATALOGING SOURCE
Original cataloging agency DLC
Transcribing agency CarP
Modifying agency DLC
-- CaSfIA
050 00 - LIBRARY OF CONGRESS CALL NUMBER
Classification number PZ4.K44
Item number Ph
100 1# - MAIN ENTRY--PERSONAL NAME
Personal name Key, Theodore,
Dates associated with a name 1912-
245 10 - TITLE STATEMENT
Title Phyllis.
Medium [electronic resource]
250 ## - EDITION STATEMENT
Edition statement [1st ed.].
260 ## - PUBLICATION, DISTRIBUTION, ETC. (IMPRINT)
Place of publication, distribution, etc New York,
Name of publisher, distributor, etc Dutton
Date of publication, distribution, etc [1957]
300 ## - PHYSICAL DESCRIPTION
Extent 59 p.
Other physical details illus.
Dimensions 22 cm.
506 ## - RESTRICTIONS ON ACCESS NOTE
Standardized terminology for access restriction Необхідна авторизація на https://archive.org/ (створення облікового запису безкоштовно)
506 ## - RESTRICTIONS ON ACCESS NOTE
Standardized terminology for access restriction Необхідна авторизація на https://openlibrary.org/ (створення облікового запису безкоштовно)
856 41 - ELECTRONIC LOCATION AND ACCESS
Uniform Resource Identifier <a href="http://www.archive.org/details/phylliskeyt00keyt">http://www.archive.org/details/phylliskeyt00keyt</a>
Public note Free eBook from the Internet Archive
856 42 - ELECTRONIC LOCATION AND ACCESS
Uniform Resource Identifier <a href="http://www.openlibrary.org/books/OL24396285M">http://www.openlibrary.org/books/OL24396285M</a>
Public note Additional information and access via Open Library
942 ## - ADDED ENTRY ELEMENTS (KOHA)
Koha item type ЕКнига

Немає доступних примірників.